Álgebra / (Registro nro. 7458)

Detalles MARC
000 -CABECERA
Campo de control interno 01760nam a2200253Ia 4500
008 - ELEMENTOS DE LONGITUD FIJA - INFORMACIÓN GENERAL
Campo de control de longitud fija 260220t1990||||xx |||||||||||||| ||spa||
020 ## - ISBN
ISBN 843680354X
040 ## - FUENTE DE CATALOGACIÓN
Agencia de catalogación original PY-SlUNAC
Idioma de catalogación spa
Convenciones de descripción rda
041 ## - CÓDIGO DE IDIOMA
Código de idioma para texto/pista de sonido o título separado spa
082 ## - NÚMERO DE CLASIFICACIÓN DECIMAL DEWEY
Clasificación Decimal Dewey (CDD) 512
Clasificación Expansiva de Cutter (EC) Ab154a
100 ## - ASIENTO PRINCIPAL - NOMBRE PERSONAL
Nombre personal Abbott, P.
Rol del autor Autor
245 #0 - TÍTULO
Título Álgebra /
Mención de responsabilidad por P. Abbott [Autor]
264 ## - PIE DE IMPRENTA
Lugar Madrid :
Editorial Pirámide,
Año ℗1990.
300 ## - DESCRIPCIÓN FÍSICA
Páginas 363 páginas
520 ## - NOTA DE RESUMEN
Nota de resumen El libro "Algebra" de Patrick Abbott, publicado por Pirámide en 1990, ofrece una introducción exhaustiva a los conceptos fundamentales del álgebra, destinados a estudiantes de nivel medio y superior. A lo largo de sus capítulos, el autor aborda temas esenciales como las operaciones con números reales, polinomios, ecuaciones lineales y cuadráticas, así como sistemas de ecuaciones. Asimismo, se exploran funciones y sus propiedades, incluyendo funciones lineales, cuadráticas y exponenciales, facilitando la comprensión de su aplicación en problemas reales. Abbott utiliza un enfoque didáctico, complementando la teoría con numerosos ejemplos prácticos y ejercicios, lo que permite a los lectores afianzar su aprendizaje. Además, el texto incluye secciones dedicadas a la resolución de problemas, lo que fomenta un pensamiento crítico y analítico. En conjunto, el libro se presenta como una herramienta valiosa para quienes buscan fortalecer sus habilidades algebraicas y adquirir una base sólida en matemáticas, crucial para el avance académico en diversas disciplinas.
653 ## - MATERIA - TÉRMINO TEMÁTICO NO CONTROLADO (PALABRAS CLAVE)
Materia - término temático no controlado (palabras clave) Álgebra
653 ## - MATERIA - TÉRMINO TEMÁTICO NO CONTROLADO (PALABRAS CLAVE)
Materia - término temático no controlado (palabras clave) Educación matemática
653 ## - MATERIA - TÉRMINO TEMÁTICO NO CONTROLADO (PALABRAS CLAVE)
Materia - término temático no controlado (palabras clave) Matemáticas
942 ## - ELEMENTOS PERSONALIZADOS (KOHA)
Fecha catalogación 2026/02/17
Tipo de documento Libros
Existencias
Fuente de Clasificacion Colección Ubicacion permanente Biblioteca actual Fecha de Ingreso a la Biblioteca Origen de adquisición Código de ubicación Código de barras Tipo de Item KOHA Nota pública
Dewey Decimal Classification Colección General (CG) Biblioteca e Internet, Facultad de Ciencias Exactas y Naturales Biblioteca e Internet, Facultad de Ciencias Exactas y Naturales 02/20/2026 Donación 512 Ab154a CG818 Libros Material disponible en la Biblioteca e Intenet, Campus UNA, San Lorenzo.